000 00432pab a2200169 454500
008 180718b2014 xxu||||| |||| 00| 0 eng d
100 _aBlick, Andrew
245 _aThe Cabinet manual and the codification of conventions
260 _c2014
300 _ap.191-208.
362 _aJan
650 _aGreat Britain - Constitution
650 _aConstitutions
773 _aParliamentary Affairs
908 _aN
909 _a104084
999 _c104080
_d104080